De la administración pública con relación a España / Alejandro Oliván ; prólogo de Eduardo García de Enterría
Descripción Física:
316 p. ; 20 cm
Colección:
Colección Civitas
Otros Autores:
García de Enterría, Eduardo, 1923-2013
MARC
| LEADER | 00000nam a2200000Ia 4500 | ||
|---|---|---|---|
| 001 | 13860 | ||
| 008 | 160829s1954 xx 000 0 cat d | ||
| 080 | |a M-4-63 | ||
| 100 | |a Oliván, Alejandro |9 28284 | ||
| 245 | |a De la administración pública con relación a España / Alejandro Oliván ; prólogo de Eduardo García de Enterría | ||
| 260 | |a Madrid : |b Instituto de Estudios Políticos, |c 1954 | ||
| 300 | |a 316 p. ; |c 20 cm | ||
| 490 | |a Colección Civitas | ||
| 650 | |a Administració pública |x Espanya |x S. XIX |9 28285 | ||
| 700 | 1 | |a García de Enterría, Eduardo, |d 1923-2013 |e autor del pròleg |9 24607 | |
| 710 | 2 | |a Instituto de Estudios Políticos (Madrid) |9 54518 | |
| 901 | |a Arxiu | ||
| 942 | |n 1 |2 udc | ||
| 952 | |0 0 |1 0 |4 0 |6 M463 |7 1 |9 44759 |a Arxiu |b Arxiu |d 2016-12-01 |l 0 |o M-4-63 |p 13860 |r 2016-12-01 00:00:00 |w 2016-12-01 |y ARXIU | ||
| 999 | |c 47341 |d 47341 | ||